01290pab a2200133 454500008004000000100001600040245003200056260000900088300001300097362000800110520097500118650002101093773004201114180718b1996 xxu||||| |||| 00| 0 eng d aSmith, B.C. aSustainable local democracy c1996 ap.163-78 aMay aTo identify what is needed to sustain local democracy we need a model of democratic government and an idea of the kind of social and economic context that is supportive of democracy. Local democracy requires a combination of a liberal democratic model of local government and the prerequisites of democratic stability: economic development, equality, political culture and the development of civil society. However, a number of factors, non-local as well as local, may undermine local government and local democracy, especially centralization, economic decisions, external conflicts, dependency on civil servants, the dilution of elected representation, formalistic participation, skewed representation, class conflic t and official attitudes. However, democratic local government can contribute to economic development, the reduction of inequality, a democratic political culture and the development of civil society, thereby strengthening local democracy. - Reproduced aLocal government aPublic Administration and Development